Statistiques concernant Livre à l'auteur n°11

Cliquez ici pour prendre le quiz!

Statistiques générales

  • Ce quiz a été pris 98 fois
  • Le résultat moyen est 5 sur 16

Statistiques - réponses

LivreAuteur% Correct
Le Roi LearWilliam Shakespeare
82%
La Condition humaineAndré Malraux
70%
Le petit NicolasRené Goscinny
60%
Le Meilleur des mondesAldous Huxley
59%
L'IngénuVoltaire
54%
Le Pendule de FoucaultUmberto Eco
46%
L'Amour aux temps du choléraGabriel García Márquez
43%
Les Grandes EspérancesCharles Dickens
39%
La Belle et la BêteJean Cocteau
28%
Un hiver à MajorqueGeorge Sand
20%
DemianHermann Hesse
12%
La Dame au petit chienAnton Tchekhov
11%
Le ChardonneretDonna Tartt
11%
Journal de l'amourAnaïs Nin
6%
L’Été avant la nuitDoris Lessing
5%
Le Colosse de MaroussiHenry Miller
5%

Distribution des résultats

Percentile par nombre de réponses

% des personnes avec chaque résultat

Votre développement - résultats

Vous n’avez pas pris ce quiz